[Event "Zalakarosi Sakkfesztivál open"]
[Site "Zalakaros"]
[Date "2018.05.29"]
[Round "5.22"]
[White "Radovanovic, Jovica"]
[Black "Boguszlavszkij, Jevgenyij"]
[Result "1/2-1/2"]
[WhiteElo "2311"]
[BlackElo "2173"]
[PlyCount "47"]
[EventDate "2018.05.25"]
[EventType "swiss"]
[EventRounds "9"]
[EventCountry "HUN"]

1. d4 Nf6 2. Nf3 e6 3. c4 Ne4 4. g3 Bb4+ 5. Nbd2 O-O 6. Bg2 Nxd2 7. Nxd2 Nc6 8.
d5 Ne5 9. Qc2 Re8 10. O-O a5 11. b3 Rb8 12. Bb2 Ng6 13. a3 Bf8 14. h4 d6 15. h5
Ne5 16. Qc3 b6 17. Ne4 f5 18. Nd2 Ng4 19. dxe6 Bxe6 20. Bc6 Re7 21. Nf3 h6 22.
Qd3 Bf7 23. Qxf5 Qc8 24. Qxc8 1/2-1/2

[Event "Zalakarosi Sakkfesztivál open"]
[Site "Zalakaros"]
[Date "2018.05.29"]
[Round "5.23"]
[White "Hadzi - Manev, Ljubomir"]
[Black "Borsos, Bogdan"]
[Result "1/2-1/2"]
[WhiteElo "2049"]
[BlackElo "2277"]
[PlyCount "43"]
[EventDate "2018.05.25"]
[EventType "swiss"]
[EventRounds "9"]
[EventCountry "HUN"]

1. d4 e6 2. Nf3 c5 3. c3 d5 4. Bf4 Bd6 5. Bg3 cxd4 6. Bxd6 Qxd6 7. cxd4 Nc6 8.
Nc3 Nf6 9. e3 O-O 10. Bd3 Bd7 11. O-O Rfc8 12. Qe2 a6 13. a3 Be8 14. Rad1 Rd8
15. Bb1 Rac8 16. Rfe1 e5 17. dxe5 Nxe5 18. Nxe5 Qxe5 19. Rd4 Bd7 20. Qf3 Be6
21. Red1 Rd7 22. h3 1/2-1/2

[Event "Zalakarosi Sakkfesztivál open"]
[Site "Zalakaros"]
[Date "2018.05.29"]
[Round "5.24"]
[White "Vegh, Endre"]
[Black "Ongut, Tamas Gunes"]
[Result "1-0"]
[WhiteElo "2264"]
[BlackElo "2130"]
[PlyCount "61"]
[EventDate "2018.05.25"]
[EventType "swiss"]
[EventRounds "9"]
[EventCountry "HUN"]

1. d4 Nf6 2. c4 g6 3. Nc3 Bg7 4. e4 d6 5. f4 c5 6. d5 O-O 7. Nf3 e6 8. Be2 exd5
9. cxd5 Nbd7 10. O-O Re8 11. Nd2 c4 12. Kh1 Nc5 13. e5 dxe5 14. fxe5 Rxe5 15.
Nxc4 Rf5 16. Bf4 Nfe4 17. Nxe4 Nxe4 18. Ne3 Rxf4 19. Rxf4 f5 20. Qc2 Be5 21.
Rxe4 fxe4 22. Qxe4 Bxb2 23. Rf1 Bf6 24. Bg4 Qe7 25. Be6+ Kg7 26. Ng4 Bxe6 27.
Rxf6 Rc8 28. Qe5 Qc7 29. d6 Qxd6 30. Qa1 Rc4 31. Rf4+ 1-0

[Event "Zalakarosi Sakkfesztivál open"]
[Site "Zalakaros"]
[Date "2018.05.29"]
[Round "5.25"]
[White "Majoros, Rozsa Evelin"]
[Black "Geher, Koppany"]
[Result "0-1"]
[WhiteElo "1967"]
[BlackElo "2257"]
[PlyCount "66"]
[EventDate "2018.05.25"]
[EventType "swiss"]
[EventRounds "9"]
[EventCountry "HUN"]

1. e4 c5 2. Nf3 Nc6 3. d4 cxd4 4. Nxd4 Qb6 5. Nb3 Nf6 6. Nc3 e6 7. a3 a6 8. Bf4
e5 9. Bg5 d6 10. Bxf6 gxf6 11. Nd5 Qd8 12. Nd2 Bg7 13. Nc4 b5 14. Ncb6 Rb8 15.
Nxc8 Rxc8 16. c3 O-O 17. Be2 Ne7 18. Bg4 Rc5 19. Nxe7+ Qxe7 20. Qf3 d5 21. Bf5
a5 22. h4 d4 23. Rh3 dxc3 24. bxc3 Rd8 25. Rg3 Kh8 26. Rd1 Bh6 27. Rd5 Rcxd5
28. exd5 Qxa3 29. Qd3 Qa1+ 30. Ke2 Qa2+ 31. Kf3 Rxd5 32. Qe4 Qd2 33. Rg4 Qxc3+
0-1

[Event "Zalakarosi Sakkfesztivál open"]
[Site "Zalakaros"]
[Date "2018.05.29"]
[Round "5.26"]
[White "Peczely, Sebastian Zsombor"]
[Black "Tatarintsev, Egor"]
[Result "1-0"]
[WhiteElo "2244"]
[BlackElo "2125"]
[PlyCount "81"]
[EventDate "2018.05.25"]
[EventType "swiss"]
[EventRounds "9"]
[EventCountry "HUN"]

1. d4 e6 2. Nc3 d5 3. Bf4 Bd6 4. Bxd6 cxd6 5. Qd2 Bd7 6. e3 Nf6 7. f3 Nc6 8. g4
Qb6 9. g5 Ng8 10. O-O-O O-O-O 11. Nge2 Nge7 12. Ng3 h6 13. Nb5 Be8 14. gxh6
Rxh6 15. e4 a6 16. Nc3 dxe4 17. fxe4 e5 18. d5 Nd4 19. Qg5 Ng6 20. Nf5 Nxf5 21.
exf5 f6 22. Qg3 Ne7 23. Bd3 Rh7 24. Rde1 Bf7 25. Be4 Kb8 26. Kb1 Rg8 27. a3 g6
28. fxg6 Bxg6 29. Bxg6 Rxg6 30. Qf3 f5 31. h4 e4 32. Qe2 Rg3 33. Qd2 Ng6 34.
Na4 Qb5 35. Rhg1 Rxg1 36. Rxg1 Qxa4 37. Rxg6 Rxh4 38. Rg8+ Kc7 39. Qc3+ Kb6 40.
Rc8 Qd7 41. Qd4+ 1-0

[Event "Zalakarosi Sakkfesztivál open"]
[Site "Zalakaros"]
[Date "2018.05.29"]
[Round "5.27"]
[White "Veleski, Robert"]
[Black "Joo, Janos"]
[Result "1-0"]
[WhiteElo "2225"]
[BlackElo "2071"]
[PlyCount "83"]
[EventDate "2018.05.25"]
[EventType "swiss"]
[EventRounds "9"]
[EventCountry "HUN"]

1. Nf3 c5 2. g3 Nc6 3. Bg2 g6 4. O-O Bg7 5. d3 d6 6. Nc3 e5 7. e4 Nge7 8. Nd2
O-O 9. Nc4 Be6 10. a4 Rb8 11. Ne3 Qd7 12. Ned5 Bh3 13. Bg5 f6 14. Bd2 Bxg2 15.
Kxg2 Nxd5 16. Nxd5 Ne7 17. Nxe7+ Qxe7 18. c4 f5 19. f3 h5 20. b4 Qe6 21. Rb1
Rf7 22. Qe2 f4 23. Qf2 b6 24. a5 Rbf8 25. h3 fxg3 26. Qxg3 Kh7 27. axb6 axb6
28. b5 Bh6 29. Bg5 Ra8 30. Ra1 Rfa7 31. Rxa7+ Rxa7 32. Bxh6 Kxh6 33. f4 Ra2+
34. Kg1 Kg7 35. f5 Qf6 36. h4 Ra3 37. Rf2 Kh7 38. Rg2 gxf5 39. exf5 Qf7 40. Qf3
e4 41. Qxe4 Qf6 42. Qb7+ 1-0

[Event "Zalakarosi Sakkfesztivál open"]
[Site "Zalakaros"]
[Date "2018.05.29"]
[Round "5.28"]
[White "Kincs, Imre"]
[Black "Mitlasovszki, Imre"]
[Result "1-0"]
[WhiteElo "2210"]
[BlackElo "1925"]
[PlyCount "57"]
[EventDate "2018.05.25"]
[EventType "swiss"]
[EventRounds "9"]
[EventCountry "HUN"]

1. d4 d5 2. Nf3 Nf6 3. c4 e6 4. Nc3 c6 5. e3 Bd6 6. Qc2 Nbd7 7. cxd5 exd5 8.
Bd3 O-O 9. Bd2 Re8 10. O-O-O Nf8 11. h3 b5 12. Kb1 a5 13. g4 a4 14. Rc1 Be6 15.
Ng5 a3 16. b3 b4 17. Na4 Ne4 18. Nxe4 dxe4 19. Bxe4 Rxa4 20. bxa4 b3 21. Qxc6
Qe7 22. Bd5 bxa2+ 23. Ka1 Bb4 24. Bxe6 Bxd2 25. Rc2 Nxe6 26. Rxd2 Rb8 27. Rxa2
Qb4 28. Rc1 g6 29. Qc3 1-0

[Event "Zalakarosi Sakkfesztivál open"]
[Site "Zalakaros"]
[Date "2018.05.29"]
[Round "5.29"]
[White "Papp, Gellert"]
[Black "Bai, Adelard"]
[Result "1/2-1/2"]
[WhiteElo "2325"]
[BlackElo "2042"]
[PlyCount "64"]
[EventDate "2018.05.25"]
[EventType "swiss"]
[EventRounds "9"]
[EventCountry "HUN"]

1. d4 Nf6 2. c4 d6 3. Nf3 Nbd7 4. Nc3 g6 5. g3 Bg7 6. Bg2 O-O 7. O-O e5 8. e4
Re8 9. h3 a6 10. Qc2 exd4 11. Nxd4 Nxe4 12. Nxe4 Bxd4 13. Bg5 f6 14. Rad1 c5
15. Be3 Bxe3 16. fxe3 Qe7 17. Kh2 Rf8 18. Nxd6 Ne5 19. Qe4 Kh8 20. b3 Rb8 21.
Qd5 b6 22. Nxc8 Rfxc8 23. Qd6 Qxd6 24. Rxd6 f5 25. e4 fxe4 26. Bxe4 Re8 27. Bg2
b5 28. Rxa6 bxc4 29. bxc4 Nxc4 30. Ra7 Rf8 31. Re1 Rfe8 32. Rf1 Rf8 1/2-1/2

[Event "Zalakarosi Sakkfesztivál open"]
[Site "Zalakaros"]
[Date "2018.05.29"]
[Round "5.30"]
[White "Takac, Zvonko"]
[Black "Saber, Yasser"]
[Result "0-1"]
[WhiteElo "1977"]
[BlackElo "2266"]
[PlyCount "92"]
[EventDate "2018.05.25"]
[EventType "swiss"]
[EventRounds "9"]
[EventCountry "HUN"]

1. d4 d6 2. c4 e5 3. dxe5 dxe5 4. Qxd8+ Kxd8 5. Nc3 Be6 6. e4 c6 7. Be3 Na6 8.
O-O-O+ Kc7 9. Nf3 f6 10. Be2 Bc5 11. Bxc5 Nxc5 12. b4 Nd7 13. Rd2 Nh6 14. Ne1
a5 15. b5 Rhd8 16. Nc2 Nc5 17. Rhd1 Rxd2 18. Rxd2 Nf7 19. Ne3 Nd6 20. f3 g6 21.
h4 f5 22. exf5 gxf5 23. Rc2 f4 24. Ng4 Bxg4 25. fxg4 e4 26. Nd1 Rf8 27. Nf2 Kb6
28. bxc6 bxc6 29. g5 Ne6 30. Bg4 Nc5 31. Be2 Kc7 32. Ng4 f3 33. gxf3 exf3 34.
Bf1 Rf4 35. Ne5 Nde4 36. Kd1 Ng3 37. Rf2 Nce4 38. Rxf3 Rxf3 39. Nxf3 Nxf1 40.
h5 Ne3+ 41. Ke2 Nxc4 42. Kd3 Ncd6 43. g6 h6 44. Kd4 Nf6 45. Ne5 Nf5+ 46. Kc5
Nd7+ 0-1

[Event "Zalakarosi Sakkfesztivál open"]
[Site "Zalakaros"]
[Date "2018.05.29"]
[Round "5.31"]
[White "Molnar, Erno"]
[Black "Juhasz, Judit"]
[Result "1-0"]
[WhiteElo "2243"]
[BlackElo "1926"]
[PlyCount "47"]
[EventDate "2018.05.25"]
[EventType "swiss"]
[EventRounds "9"]
[EventCountry "HUN"]

1. e4 c5 2. Nf3 Nc6 3. d4 cxd4 4. Nxd4 g6 5. Nc3 Bg7 6. Be3 Nf6 7. Bc4 O-O 8.
Bb3 Re8 9. h4 h5 10. f3 d6 11. Qd2 Ne5 12. O-O-O Bd7 13. Bh6 Bh8 14. f4 Neg4
15. f5 e6 16. fxg6 fxg6 17. Bf4 Rc8 18. Rhe1 Qb6 19. Nf3 Rc6 20. e5 Nh7 21.
exd6 Nhf6 22. Ng5 Rxc3 23. bxc3 Qa5 24. Qd3 1-0

[Event "Zalakarosi Sakkfesztivál open"]
[Site "Zalakaros"]
[Date "2018.05.29"]
[Round "5.32"]
[White "Ugroczky, Peter"]
[Black "Tancsa, Tamas"]
[Result "1-0"]
[WhiteElo "2197"]
[BlackElo "1924"]
[PlyCount "79"]
[EventDate "2018.05.25"]
[EventType "swiss"]
[EventRounds "9"]
[EventCountry "HUN"]

1. e4 e5 2. Nf3 Nc6 3. Bc4 Nf6 4. d3 Be7 5. O-O O-O 6. h3 d6 7. c3 Na5 8. Bb5
a6 9. Ba4 b5 10. Bc2 c5 11. d4 cxd4 12. cxd4 Nc6 13. Nc3 h6 14. Be3 Re8 15. Rc1
Bf8 16. Bb1 Bb7 17. d5 Ne7 18. b4 Bc8 19. Nd2 Nh7 20. a4 Bd7 21. axb5 axb5 22.
Bd3 Rb8 23. Qe2 f5 24. f3 f4 25. Bf2 g5 26. Nxb5 Ng6 27. Nc7 Re7 28. Na6 Ra8
29. b5 h5 30. b6 Bc8 31. Nb4 Rg7 32. Ra1 Rxa1 33. Rxa1 Nf6 34. Nc6 Qe8 35. Ba6
g4 36. Bxc8 Qxc8 37. Qa6 Qd7 38. Qa7 Qc8 39. Qa8 Qd7 40. Ra7 1-0

[Event "Zalakarosi Sakkfesztivál open"]
[Site "Zalakaros"]
[Date "2018.05.29"]
[Round "5.33"]
[White "Kovacs, Judit"]
[Black "Konyves, Almos"]
[Result "1-0"]
[WhiteElo "2127"]
[BlackElo "1902"]
[PlyCount "31"]
[EventDate "2018.05.25"]
[EventType "swiss"]
[EventRounds "9"]
[EventCountry "HUN"]

1. Nf3 d5 2. g3 Nf6 3. Bg2 c5 4. O-O Nc6 5. d4 Bf5 6. c4 dxc4 7. Qa4 Qd7 8.
dxc5 Ne5 9. Qb4 Nd5 10. Qa3 Nc6 11. Rd1 e6 12. Nh4 Bc2 13. Rd2 Bxb1 14. Rxb1
Ncb4 15. Bxd5 Nxd5 16. e4 1-0

[Event "Zalakarosi Sakkfesztivál open"]
[Site "Zalakaros"]
[Date "2018.05.29"]
[Round "5.34"]
[White "Bereczki, Janos"]
[Black "Smirnov, Mark A."]
[Result "0-1"]
[WhiteElo "2099"]
[BlackElo "1914"]
[PlyCount "164"]
[EventDate "2018.05.25"]
[EventType "swiss"]
[EventRounds "9"]
[EventCountry "HUN"]

1. d4 Nf6 2. c4 e6 3. Nf3 b6 4. g3 Bb7 5. Bg2 Be7 6. O-O O-O 7. Nc3 d5 8. Ne5
Nbd7 9. cxd5 Nxe5 10. dxe5 Nxd5 11. Ne4 c5 12. Nd6 Rb8 13. f4 Bxd6 14. exd6 Nf6
15. Qa4 Bxg2 16. Kxg2 Qxd6 17. Qxa7 Ra8 18. Qb7 Nd5 19. e4 Rfb8 20. e5 Rxb7 21.
exd6 Rd7 22. f5 Rxd6 23. a3 e5 24. Rb1 f6 25. g4 Kf7 26. Kf3 Rad8 27. Rf2 Nc7
28. Be3 Rd3 29. Re2 Rb3 30. Kf2 Rdd3 31. Rg1 Nd5 32. Bc1 c4 33. Rc2 b5 34. a4
Nb4 35. Rc3 Rdxc3 36. bxc3 Nd3+ 37. Ke2 Nxc1+ 38. Rxc1 Rb2+ 39. Ke3 bxa4 40.
Ra1 Rb3 41. Rxa4 Rxc3+ 42. Ke4 h6 43. Ra7+ Kg8 44. Ra8+ Kh7 45. Rc8 Rc2 46. h4
Rg2 47. Kf3 Rc2 48. Rc7 c3 49. g5 hxg5 50. hxg5 fxg5 51. f6 g4+ 52. Ke3 Kg8 53.
Rxg7+ Kf8 54. Kd3 Rd2+ 55. Kxc3 Rd4 56. Rg5 Kf7 57. Rxe5 Rf4 58. Rg5 Kxf6 59.
Rg8 Kf5 60. Kd3 Rf3+ 61. Ke2 Kf4 62. Rf8+ Kg3 63. Rg8 Rf7 64. Rg6 Kh3 65. Rh6+
Kg2 66. Ke3 g3 67. Rg6 Kh2 68. Rh6+ Kg1 69. Rg6 g2 70. Ke2 Rf2+ 71. Ke1 Ra2 72.
Rg8 Ra3 73. Ke2 Rh3 74. Rg7 Rh5 75. Kf3 Rf5+ 76. Ke2 Rf2+ 77. Ke1 Rf8 78. Ke2
Rf1 79. Rg8 Rf7 80. Rg6 Re7+ 81. Kf3 Kf1 82. Ra6 Rf7+ 0-1

[Event "Zalakarosi Sakkfesztivál open"]
[Site "Zalakaros"]
[Date "2018.05.29"]
[Round "5.35"]
[White "Gal, Lajos"]
[Black "Gaal, Zsoka"]
[Result "0-1"]
[WhiteElo "1894"]
[BlackElo "2095"]
[PlyCount "122"]
[EventDate "2018.05.25"]
[EventType "swiss"]
[EventRounds "9"]
[EventCountry "HUN"]

1. f4 Nh6 2. e4 d5 3. e5 g6 4. d4 Bg7 5. Nf3 Bg4 6. Bb5+ c6 7. Be2 Nf5 8. c3 e6
9. O-O Qb6 10. Qb3 Qc7 11. Na3 Nd7 12. Nc2 c5 13. Ne3 h5 14. Nxf5 gxf5 15. Be3
c4 16. Qd1 Bf8 17. Ng5 Be7 18. h4 Bxg5 19. fxg5 O-O-O 20. Qd2 Nf8 21. g3 Ng6
22. Kg2 Qc6 23. Kh2 Kb8 24. Rfc1 Qc7 25. Bf4 Rdg8 26. Re1 b6 27. Kg2 Kb7 28.
Bf1 Qc6 29. Kf2 Kc7 30. b3 Ne7 31. Qb2 Kd7 32. a4 a6 33. Reb1 Rb8 34. b4 Ra8
35. a5 bxa5 36. Rxa5 Rhb8 37. Rba1 Rb5 38. Qa2 Rxa5 39. Qxa5 Qc7 40. Qa3 Nc8
41. b5 a5 42. Rb1 Nb6 43. Be2 a4 44. Bc1 Bxe2 45. Kxe2 Kc8 46. Qb4 Kb7 47. Ba3
Nd7 48. Qe7 Nf8 49. Qb4 Ng6 50. Ke3 f4+ 51. gxf4 Nxh4 52. b6 Nf5+ 53. Kf2 Qd7
54. Qc5 Qc6 55. Qb4 h4 56. Qb2 h3 57. Bc5 Rh8 58. Rh1 Rh4 59. Kg1 Rg4+ 60. Kf1
Rg2 61. Qb4 Ne3+ 0-1

[Event "Zalakarosi Sakkfesztivál open"]
[Site "Zalakaros"]
[Date "2018.05.29"]
[Round "5.36"]
[White "Csala, Imre"]
[Black "Radics, Laszlo Dr."]
[Result "1-0"]
[WhiteElo "2093"]
[BlackElo "1881"]
[PlyCount "63"]
[EventDate "2018.05.25"]
[EventType "swiss"]
[EventRounds "9"]
[EventCountry "HUN"]

1. d3 e5 2. g3 f5 3. Bg2 Nf6 4. c4 Nc6 5. Nc3 Be7 6. a3 a5 7. Nd5 O-O 8. e3 b6
9. Ne2 Bb7 10. Nec3 Nxd5 11. Nxd5 Rb8 12. Bd2 Bf6 13. O-O Ne7 14. Rc1 c6 15.
Nxf6+ Rxf6 16. c5 b5 17. Bc3 Qc7 18. f4 Ng6 19. Qd2 Ra8 20. e4 b4 21. Bxe5 Nxe5
22. fxe5 Qxe5 23. d4 Qe8 24. e5 Rf8 25. axb4 axb4 26. Qxb4 Ba6 27. Rfe1 f4 28.
e6 fxg3 29. hxg3 Rb8 30. Qa3 Bc8 31. e7 Rf7 32. Qa7 1-0

[Event "Zalakarosi Sakkfesztivál open"]
[Site "Zalakaros"]
[Date "2018.05.29"]
[Round "5.37"]
[White "Kertesz, Zsolt"]
[Black "Hrbolka, Ladislav"]
[Result "1/2-1/2"]
[WhiteElo "1879"]
[BlackElo "2089"]
[PlyCount "55"]
[EventDate "2018.05.25"]
[EventType "swiss"]
[EventRounds "9"]
[EventCountry "HUN"]

1. d4 d5 2. Nf3 c6 3. e3 e6 4. Bd3 f5 5. b3 Bd6 6. O-O Qe7 7. Bb2 Nf6 8. Qc1
O-O 9. Ba3 b6 10. Bxd6 Qxd6 11. Ne5 Nbd7 12. f4 Bb7 13. Nd2 c5 14. c3 Rfc8 15.
Qb2 Qe7 16. Ndf3 Nf8 17. Rac1 Rc7 18. Rf2 Ne4 19. Rfc2 Rac8 20. Qb1 h6 21. h4
Qf6 22. Kh2 c4 23. Be2 g5 24. g3 cxb3 25. axb3 Qg7 26. Nd2 Nf6 27. Rg1 g4 28.
Rgc1 1/2-1/2

[Event "Zalakarosi Sakkfesztivál open"]
[Site "Zalakaros"]
[Date "2018.05.29"]
[Round "5.38"]
[White "Szilagyi, Norbert"]
[Black "Tran, David"]
[Result "0-1"]
[WhiteElo "2084"]
[BlackElo "1892"]
[PlyCount "76"]
[EventDate "2018.05.25"]
[EventType "swiss"]
[EventRounds "9"]
[EventCountry "HUN"]

1. e4 e5 2. Bc4 Nf6 3. d3 Bc5 4. Nf3 Nc6 5. c3 a6 6. Nbd2 d6 7. Bb3 O-O 8. h3
Ba7 9. Nf1 b5 10. g4 a5 11. Ng3 a4 12. Bc2 d5 13. Qe2 Bc5 14. Nf5 b4 15. Bg5 a3
16. bxa3 bxc3 17. O-O d4 18. N3h4 Be7 19. f4 Bxf5 20. Nxf5 Nd7 21. Nxe7+ Nxe7
22. Bb3 h6 23. Bh4 exf4 24. Bxe7 Qxe7 25. Rxf4 Rxa3 26. Raf1 Ne5 27. Rf5 Kh7
28. g5 g6 29. Rf6 h5 30. R1f4 Kg7 31. Qf1 c5 32. Kh1 Rxb3 33. axb3 c2 34. Rf3
Nxf3 35. Rxf3 Qxg5 36. Rf4 Qg3 37. h4 Qe3 38. Rf3 c1=Q 0-1

[Event "Zalakarosi Sakkfesztivál open"]
[Site "Zalakaros"]
[Date "2018.05.29"]
[Round "5.39"]
[White "Verciuc, Nicolae"]
[Black "Marton, Jozsef"]
[Result "0-1"]
[WhiteElo "1862"]
[BlackElo "2080"]
[PlyCount "90"]
[EventDate "2018.05.25"]
[EventType "swiss"]
[EventRounds "9"]
[EventCountry "HUN"]

1. d4 d5 2. Nf3 Nf6 3. Bf4 c5 4. c3 Nc6 5. e3 Qb6 6. Qb3 c4 7. Qxb6 axb6 8. Be2
b5 9. O-O e6 10. Ne5 b4 11. cxb4 Bxb4 12. Rc1 Nxe5 13. Bxe5 Bd7 14. f3 Ke7 15.
Bg3 b5 16. Nc3 Bxc3 17. Rxc3 Ra7 18. b4 Rha8 19. a3 Bc6 20. Bd1 Nd7 21. Be1 f6
22. Bd2 Nb6 23. Bc1 Be8 24. Bb2 Bg6 25. Rac1 Bd3 26. Kf2 g5 27. Ra1 Kd6 28. Bc1
Nd7 29. g3 Nb8 30. Bb2 Nd7 31. Bc1 Nb6 32. Bb2 Rg8 33. Bc1 f5 34. Kg2 h5 35.
Ra2 h4 36. Kg1 Rh7 37. gxh4 gxh4+ 38. Rg2 Rhg7 39. Rxg7 Rxg7+ 40. Kf2 h3 41. e4
dxe4 42. Bf4+ Kd7 43. fxe4 Rg2+ 44. Ke1 fxe4 45. Bg3 Nd5 0-1

[Event "Zalakarosi Sakkfesztivál open"]
[Site "Zalakaros"]
[Date "2018.05.30"]
[Round "6.1"]
[White "Galyas, Miklos"]
[Black "Horvath, Adam"]
[Result "1-0"]
[WhiteElo "2508"]
[BlackElo "2481"]
[PlyCount "53"]
[EventDate "2018.05.25"]
[EventType "swiss"]
[EventRounds "9"]
[EventCountry "HUN"]

1. d4 Nf6 2. Nf3 e6 3. Bf4 b6 4. e3 Bb7 5. Nbd2 Nh5 6. Bg5 Be7 7. Bxe7 Qxe7 8.
a4 a6 9. Bd3 f5 10. O-O O-O 11. c3 d6 12. Qc2 Nd7 13. c4 a5 14. Rae1 Qf6 15.
Qd1 Qh6 16. e4 Nf4 17. Bb1 Rf6 18. Kh1 Rg6 19. g3 Nh3 20. d5 Nf6 21. exf5 Ng4
22. Qe2 exf5 23. Bxf5 Rf8 24. Bxg6 Qxg6 25. Qe6+ Qxe6 26. Rxe6 Bc8 27. Re7 1-0

[Event "Zalakarosi Sakkfesztivál open"]
[Site "Zalakaros"]
[Date "2018.05.30"]
[Round "6.2"]
[White "Hardicsay, Peter"]
[Black "Aczel, Gergely"]
[Result "0-1"]
[WhiteElo "2211"]
[BlackElo "2567"]
[PlyCount "118"]
[EventDate "2018.05.25"]
[EventType "swiss"]
[EventRounds "9"]
[EventCountry "HUN"]

1. d4 Nf6 2. Nf3 d5 3. c4 e6 4. Nc3 Be7 5. Bf4 O-O 6. e3 Nbd7 7. Qc2 c5 8. cxd5
Nxd5 9. Nxd5 exd5 10. Bd3 h6 11. b3 cxd4 12. exd4 Bb4+ 13. Kf1 Nf6 14. a3 Bd6
15. Bxd6 Qxd6 16. Qc5 Qb8 17. Ne5 Ne4 18. Qc1 Bf5 19. f3 f6 20. Nd7 Bxd7 21.
fxe4 Bc6 22. exd5 Bxd5 23. Bc4 Bxc4+ 24. Qxc4+ Kh8 25. g3 Qd6 26. Kf2 Rac8 27.
Qd3 Rc5 28. Rhd1 Rd5 29. Ra2 Rd8 30. Qe3 Rxd4 31. Rxd4 Qxd4 32. Qxd4 Rxd4 33.
Ke3 Rd7 34. Rc2 Kh7 35. b4 Kg6 36. Rc5 b6 37. Rc4 Re7+ 38. Kf3 Kf5 39. a4 h5
40. h3 Rd7 41. Ke3 g6 42. b5 Re7+ 43. Kf3 Ke5 44. Rc8 g5 45. Rh8 Rc7 46. Rxh5
Rc3+ 47. Kf2 Ra3 48. h4 Kf5 49. Rh8 Rxa4 50. h5 Ra2+ 51. Kf1 Kg4 52. h6 Kf3 53.
Ke1 Rh2 54. Rh7 Kxg3 55. Rxa7 Rxh6 56. Rc7 Rh1+ 57. Ke2 Rb1 58. Rc6 Rxb5 59.
Rxf6 g4 0-1

[Event "Zalakarosi Sakkfesztivál open"]
[Site "Zalakaros"]
[Date "2018.05.30"]
[Round "6.3"]
[White "Nemeth, Miklos"]
[Black "Li, Bo"]
[Result "1/2-1/2"]
[WhiteElo "2491"]
[BlackElo "2319"]
[PlyCount "149"]
[EventDate "2018.05.25"]
[EventType "swiss"]
[EventRounds "9"]
[EventCountry "HUN"]

1. e4 c5 2. Nf3 Nc6 3. d4 cxd4 4. Nxd4 Qb6 5. Nb3 Nf6 6. Nc3 d6 7. Bg5 Be6 8.
Be2 h6 9. Be3 Qd8 10. f4 g6 11. Bf3 Bg7 12. Qe2 a6 13. Nd5 Bxd5 14. exd5 Nb8
15. O-O O-O 16. c4 Nbd7 17. Rac1 Rc8 18. Rfd1 Re8 19. Qf2 Qc7 20. Nd4 Qa5 21.
a3 Qa4 22. Qe1 Nc5 23. Bf2 h5 24. b4 Nb3 25. Nxb3 Qxb3 26. Rc3 Qa4 27. Bd4 Nd7
28. Bxg7 Kxg7 29. Rdc1 Nf6 30. Re3 Rc7 31. Qd2 Rec8 32. Rec3 Qd7 33. Qd4 Qf5
34. h3 Kg8 35. Re1 Ne8 36. c5 Qf6 37. Qxf6 Nxf6 38. Rec1 dxc5 39. bxc5 Rd8 40.
Rd1 Rcd7 41. Rcd3 Rc7 42. c6 Rd6 43. Kf2 Kg7 44. g4 hxg4 45. hxg4 g5 46. Kg3
gxf4+ 47. Kxf4 bxc6 48. dxc6 Rcxc6 49. Bxc6 Rxc6 50. Rd8 Rc5 51. g5 Nh5+ 52.
Kg4 Kg6 53. Kh4 Ng7 54. R1d5 Rc4+ 55. Kh3 Ra4 56. R8d7 Rxa3+ 57. Kh2 e6 58. Rc5
a5 59. Ra7 a4 60. Rca5 Rf3 61. Kg2 Rf4 62. Rxa4 Rxa4 63. Rxa4 Kxg5 64. Ra7 Kg6
65. Kf3 f5 66. Kf4 Kf6 67. Ra6 Nh5+ 68. Kf3 Ke5 69. Ra5+ Kd6 70. Ra6+ Ke7 71.
Ra7+ Kf6 72. Ra6 Ng7 73. Kf4 Ne8 74. Rc6 Ng7 75. Ra6 1/2-1/2

[Event "Zalakarosi Sakkfesztivál open"]
[Site "Zalakaros"]
[Date "2018.05.30"]
[Round "6.4"]
[White "Vanczak, Tamas"]
[Black "Bokros, Albert"]
[Result "1/2-1/2"]
[WhiteElo "2303"]
[BlackElo "2480"]
[PlyCount "127"]
[EventDate "2018.05.25"]
[EventType "swiss"]
[EventRounds "9"]
[EventCountry "HUN"]

1. e4 c5 2. Nf3 e6 3. d4 cxd4 4. Nxd4 a6 5. Nc3 Qc7 6. Bd3 Nf6 7. Qe2 d6 8. Bd2
Be7 9. O-O Nc6 10. Nb3 O-O 11. Rae1 b5 12. f4 Bb7 13. Rf3 b4 14. Nd1 a5 15. Be3
e5 16. f5 a4 17. Nd2 Nd4 18. Bxd4 exd4 19. Nf2 Rfe8 20. Rg3 Bf8 21. Ng4 Nxg4
22. Qxg4 d5 23. e5 Rxe5 24. Rf1 Re3 25. Nf3 b3 26. Rh3 f6 27. Qh5 h6 28. Qg6
bxc2 29. Bxc2 Qxc2 30. Rxh6 Ba6 31. Qh7+ Kf7 32. Rxf6+ Kxf6 33. Qg6+ Ke7 34.
f6+ gxf6 35. Qxc2 Bxf1 36. Qc7+ Ke8 37. Qc6+ Kf7 38. Qxd5+ Kg7 39. Qxa8 Bc4 40.
Qa7+ Bf7 41. Qxd4 Re8 42. h4 a3 43. bxa3 Bxa3 44. Qg4+ Kh8 45. Qf5 Kg7 46. h5
Bc1 47. g4 Be3+ 48. Kg2 Ra8 49. g5 Rxa2+ 50. Kh3 Bxg5 51. Nxg5 fxg5 52. h6+
Kxh6 53. Qxf7 Ra3+ 54. Kg2 Ra6 55. Qg8 Rf6 56. Kg3 Rf4 57. Qe8 Rf6 58. Qh8+ Kg6
59. Qh3 Rf4 60. Qe6+ Rf6 61. Qg8+ Kh6 62. Qe8 Rf4 63. Qe6+ Kg7 64. Qe8 1/2-1/2

[Event "Zalakarosi Sakkfesztivál open"]
[Site "Zalakaros"]
[Date "2018.05.30"]
[Round "6.5"]
[White "Chernyshov, Konstantin"]
[Black "Marosi, Levente"]
[Result "1/2-1/2"]
[WhiteElo "2478"]
[BlackElo "2277"]
[PlyCount "49"]
[EventDate "2018.05.25"]
[EventType "swiss"]
[EventRounds "9"]
[EventCountry "HUN"]

1. c4 Nf6 2. Nc3 e6 3. e4 d5 4. cxd5 exd5 5. e5 Ne4 6. d4 Bb4 7. Bd2 Bxc3 8.
Bxc3 c5 9. Nf3 O-O 10. dxc5 Nxc3 11. bxc3 Qa5 12. Qb3 Qxc5 13. Be2 Nc6 14. O-O
d4 15. cxd4 Nxd4 16. Nxd4 Qxd4 17. Bc4 Qxe5 18. Rfe1 Qf6 19. Rac1 b6 20. Bd5
Be6 21. Bxe6 fxe6 22. Qxe6+ Qxe6 23. Rxe6 Rae8 24. Rd6 Rd8 25. Rxd8 1/2-1/2

[Event "Zalakarosi Sakkfesztivál open"]
[Site "Zalakaros"]
[Date "2018.05.30"]
[Round "6.6"]
[White "Doric, Nenad"]
[Black "Szeberenyi, Adam"]
[Result "0-1"]
[WhiteElo "2250"]
[BlackElo "2372"]
[PlyCount "138"]
[EventDate "2018.05.25"]
[EventType "swiss"]
[EventRounds "9"]
[EventCountry "HUN"]

1. e4 c5 2. Nf3 d6 3. d4 cxd4 4. Nxd4 Nf6 5. Nc3 a6 6. Bg5 e6 7. f4 Qc7 8. Qf3
Nbd7 9. O-O-O Be7 10. g4 b5 11. Bxf6 Nxf6 12. g5 Nd7 13. f5 Ne5 14. Qg3 b4 15.
Nce2 h6 16. gxh6 g5 17. fxe6 fxe6 18. Qh3 Bf8 19. Qh5+ Qf7 20. Qxf7+ Kxf7 21.
Bg2 Rxh6 22. Nf3 Nxf3 23. Bxf3 Ra7 24. Rd4 a5 25. c3 bxc3 26. Nxc3 Rc7 27. Kb1
Bd7 28. Rd2 Rc5 29. Rf1 Ke8 30. Nd1 Rh4 31. Ne3 Bc6 32. Ng4 Bxe4+ 33. Bxe4 Rxg4
34. b4 Rc8 35. Bg6+ Kd7 36. Rf7+ Be7 37. bxa5 Rb4+ 38. Rb2 Rxb2+ 39. Kxb2 Ra8
40. Bd3 Rxa5 41. a4 d5 42. Bb5+ Kd6 43. Rh7 Ra7 44. Kb3 Rb7 45. Rh6 Bd8 46. Rh8
Bb6 47. h4 Bd4 48. Rh5 g4 49. Rg5 Rg7 50. Rxg7 Bxg7 51. a5 g3 52. Bf1 Bd4 53.
Kc2 e5 54. Kd3 Ba7 55. Ke2 e4 56. Bg2 Ke5 57. h5 Kf5 58. Kf1 Kg5 59. Bh3 d4 60.
Bg2 Kf4 61. Ke2 d3+ 62. Kd2 Bc5 63. Kc3 Bb4+ 64. Kb3 Bxa5 65. h6 Bd8 66. Kc3
Ke3 67. h7 Bf6+ 68. Kb3 d2 69. Kc2 Ke2 0-1

[Event "Zalakarosi Sakkfesztivál open"]
[Site "Zalakaros"]
[Date "2018.05.30"]
[Round "6.7"]
[White "Tompa, Janos"]
[Black "Karacsonyi, Gellert"]
[Result "1/2-1/2"]
[WhiteElo "2372"]
[BlackElo "2208"]
[PlyCount "37"]
[EventDate "2018.05.25"]
[EventType "swiss"]
[EventRounds "9"]
[EventCountry "HUN"]

1. e4 c5 2. Nf3 Nc6 3. d4 cxd4 4. Nxd4 g6 5. Be2 Bg7 6. Nb3 Nf6 7. Nc3 O-O 8.
O-O d6 9. Kh1 Be6 10. Bg5 a5 11. a4 Bxb3 12. cxb3 Nb4 13. f4 Rc8 14. Rc1 Nd7
15. Bh4 Nc5 16. Bc4 Nc6 17. Bd5 Nb4 18. Bc4 Nc6 19. Bd5 1/2-1/2